| 000 | 00391nam a2200145 i 4500 | ||
|---|---|---|---|
| 001 | 43129 | ||
| 003 | ES-MaACL | ||
| 007 | t| | ||
| 008 | 030317s1954 sp ||||1| spa d | ||
| 100 | 1 |
_aCerro, Eduardo. _937567 |
|
| 245 | 1 | 0 |
_aPoemas de otoƱo / _cEduardo Cerro. |
| 260 |
_aValencia : _b[s.n., _c1954] ( _fTip. Moderna) |
||
| 300 |
_a126 p. ; _c25 cm. |
||
| 852 |
_aES-MaACL _jC-7535 _bR.36466 |
||
| 999 |
_c43129 _d43129 |
||